Neuromarketing ethic standards
Etické aspekty neuromarketingových postupov a praktiky kľúčových oblastí, ktorými sú ochrana respondentov, reprezentácia neuromarketingu verejnosti a poskytovanie preukázateľných dát záujemcom o výsledky neuromarketingového výskumu. Prehľad troch verejných oblastí, kde môže byť neuromarketing prínos...
Saved in:
| Main Author: | |
|---|---|
| Other Authors: | |
| Format: | Book Chapter |
| Language: | Slovak |
| Subjects: | |
| Tags: |
No Tags, Be the first to tag this record!
|
MARC
| LEADER | 00000nla a2200000 4500 | ||
|---|---|---|---|
| 001 | 0221072 | ||
| 005 | 20240522135217.4 | ||
| 041 | 0 | |a slo | |
| 044 | |a SK | ||
| 245 | 1 | 0 | |a Neuromarketing ethic standards |c Štefan Majtán, Róbert Šlosár |
| 520 | |a Etické aspekty neuromarketingových postupov a praktiky kľúčových oblastí, ktorými sú ochrana respondentov, reprezentácia neuromarketingu verejnosti a poskytovanie preukázateľných dát záujemcom o výsledky neuromarketingového výskumu. Prehľad troch verejných oblastí, kde môže byť neuromarketing prínosným artiklom. | ||
| 610 | 2 | 0 | |a neuromarketing |
| 610 | 2 | 0 | |a výskum marketingový |
| 610 | 2 | 0 | |a nástroje marketingové |
| 610 | 2 | 0 | |a komunikácia marketingová |
| 610 | 2 | 0 | |a ochrana spotrebiteľa |
| 610 | 2 | 0 | |a psychológia predaja |
| 610 | 2 | 0 | |a normy etické |
| 100 | 1 | |a Majtán, Štefan | |
| 700 | 1 | |a Šlosár, Róbert | |